<?xml version="1.0" encoding="UTF-8"?>
<record
    xmlns:xsi="http://www.w3.org/2001/XMLSchema-instance"
    xsi:schemaLocation="http://www.loc.gov/MARC21/slim http://www.loc.gov/standards/marcxml/schema/MARC21slim.xsd"
    xmlns="http://www.loc.gov/MARC21/slim">

  <leader>01006nam a2200241Ia 4500</leader>
  <controlfield tag="001">12218</controlfield>
  <controlfield tag="003">GE_BSU</controlfield>
  <controlfield tag="008">181216s||||||||xx |||||||||||||| ||und||</controlfield>
  <datafield tag="020" ind1=" " ind2=" ">
    <subfield code="a">9785912590726</subfield>
  </datafield>
  <datafield tag="040" ind1=" " ind2=" ">
    <subfield code="c">GE_BSU</subfield>
  </datafield>
  <datafield tag="080" ind1=" " ind2=" ">
    <subfield code="a">622.24</subfield>
  </datafield>
  <datafield tag="100" ind1=" " ind2=" ">
    <subfield code="a">&#x42E;&#x440;&#x442;&#x430;&#x435;&#x432;,&#x421;.&#x410;.</subfield>
  </datafield>
  <datafield tag="245" ind1=" " ind2=" ">
    <subfield code="a">&#x41F;&#x440;&#x430;&#x43A;&#x442;&#x438;&#x447;&#x435;&#x441;&#x43A;&#x438;&#x439; &#x441;&#x43F;&#x440;&#x430;&#x432;&#x43E;&#x447;&#x43D;&#x438;&#x43A; &#x431;&#x443;&#x440;&#x43E;&#x432;&#x43E;&#x433;&#x43E; &#x43C;&#x430;&#x441;&#x442;&#x435;&#x440;&#x430;.&#x422;.2</subfield>
  </datafield>
  <datafield tag="245" ind1=" " ind2=" ">
    <subfield code="b">&#x421;&#x43F;&#x440;&#x430;&#x432;&#x43E;&#x447;&#x43D;&#x43E;&#x435; &#x440;&#x443;&#x43A;&#x43E;&#x432;&#x43E;&#x434;&#x441;&#x442;&#x432;&#x43E; &#x434;&#x43B;&#x44F; &#x43C;&#x430;&#x441;&#x442;&#x435;&#x440;&#x43E;&#x432; &#x43F;&#x43E; &#x431;&#x443;&#x440;&#x435;&#x43D;&#x438;&#x44E;,&#x43E;&#x441;&#x432;&#x43E;&#x435;&#x43D;&#x438;&#x44E; &#x438; &#x438;&#x441;&#x43F;&#x44B;&#x442;&#x430;&#x43D;&#x438;&#x44E; &#x43D;&#x435;&#x444;&#x442;&#x44F;&#x43D;&#x44B;&#x445; &#x438; &#x433;&#x430;&#x437;&#x43E;&#x432;&#x44B;&#x445; &#x441;&#x43A;&#x432;&#x430;&#x436;&#x438;&#x43D;</subfield>
  </datafield>
  <datafield tag="260" ind1=" " ind2=" ">
    <subfield code="a">&#x421;&#x41F;&#x411;</subfield>
  </datafield>
  <datafield tag="260" ind1=" " ind2=" ">
    <subfield code="b">&#x41D;&#x41F;&#x41E; "&#x41F;&#x440;&#x43E;&#x444;&#x435;&#x441;&#x441;&#x438;&#x43E;&#x43D;&#x430;&#x43B;</subfield>
  </datafield>
  <datafield tag="260" ind1=" " ind2=" ">
    <subfield code="c">2011</subfield>
  </datafield>
  <datafield tag="300" ind1=" " ind2=" ">
    <subfield code="a">1000&#x441;&#x442;&#x440;.&#x418;&#x43B;&#x43B;.</subfield>
  </datafield>
  <datafield tag="541" ind1=" " ind2=" ">
    <subfield code="h">404&#x41B;.</subfield>
  </datafield>
  <datafield tag="653" ind1=" " ind2=" ">
    <subfield code="a">&#x41F;&#x440;&#x430;&#x43A;&#x442;&#x438;&#x447;&#x435;&#x441;&#x43A;&#x438;&#x439; &#x441;&#x43F;&#x440;&#x430;&#x432;&#x43E;&#x447;&#x43D;&#x438;&#x43A; &#x431;&#x443;&#x440;&#x43E;&#x432;&#x43E;&#x433;&#x43E; &#x43C;&#x430;&#x441;&#x442;&#x435;&#x440;&#x430;</subfield>
  </datafield>
  <datafield tag="653" ind1=" " ind2=" ">
    <subfield code="a">&#x421;&#x43F;&#x440;&#x430;&#x432;&#x43E;&#x447;&#x43D;&#x43E;&#x435; &#x440;&#x443;&#x43A;&#x43E;&#x432;&#x43E;&#x434;&#x441;&#x442;&#x432;&#x43E; &#x434;&#x43B;&#x44F; &#x43C;&#x430;&#x441;&#x442;&#x435;&#x440;&#x43E;&#x432; &#x43F;&#x43E; &#x431;&#x443;&#x440;&#x435;&#x43D;&#x438;&#x44E;,&#x43E;&#x441;&#x432;&#x43E;&#x435;&#x43D;&#x438;&#x44E; &#x438; &#x438;&#x441;&#x43F;&#x44B;&#x442;&#x430;&#x43D;&#x438;&#x44E; &#x43D;&#x435;&#x444;&#x442;&#x44F;&#x43D;&#x44B;&#x445; &#x438; &#x433;&#x430;&#x437;&#x43E;&#x432;&#x44B;&#x445; &#x441;&#x43A;&#x432;&#x430;&#x436;&#x438;&#x43D;</subfield>
  </datafield>
  <datafield tag="942" ind1=" " ind2=" ">
    <subfield code="c">BK</subfield>
  </datafield>
  <datafield tag="999" ind1=" " ind2=" ">
    <subfield code="c">45394</subfield>
    <subfield code="d">45394</subfield>
  </datafield>
  <datafield tag="952" ind1=" " ind2=" ">
    <subfield code="0">0</subfield>
    <subfield code="1">0</subfield>
    <subfield code="4">0</subfield>
    <subfield code="7">0</subfield>
    <subfield code="9">59360</subfield>
    <subfield code="d">2018-12-17</subfield>
    <subfield code="p">36131</subfield>
    <subfield code="r">2018-12-17</subfield>
    <subfield code="w">2018-12-17</subfield>
    <subfield code="y">BK</subfield>
    <subfield code="z">&#x10E1;&#x10D0;&#x10D8;&#x10DC;&#x10DF;-&#x10E2;&#x10D4;&#x10E5;&#x10DC;&#x10DD;&#x10DA;.&#x10E4;&#x10D0;&#x10D9;-&#x10E1; &#x10D1;&#x10D8;&#x10D1;&#x10DA;-&#x10E8;&#x10D8;&#x10D0;</subfield>
  </datafield>
</record>
